LEADER 01144cam2 22003011 450 001 SOBE00024945 005 20120427104735.0 100 $a20120427d1950 |||||ita|0103 ba 101 $aita 102 $aIT 200 0 $a2 205 $a6. ed 210 $aTorino$cFratelli Bocca Editori$d1950 215 $aVIII, 471 p.$d25 cm 225 2 $aBiblioteca di scienze moderne$v25 410 1$1001LAEC00027658$12001 $a*Biblioteca di scienze moderne$v25 461 1$1001SOBE00024761$12001 $aStoria della filosofia moderna : esposizione della storia della filosofia dalla fine del Rinascimento fino ai giorni nostri / Harald Höffding ; traduzione dal tedesco di P. Martinetti 700 1$aHöffding$b, Harald$3A600200052985$4070$0405427 702 1$aMartinetti, Piero$3AF00011223$4070 801 0$aIT$bUNISOB$c20120427$gRICA 850 $aUNISOB 852 $aUNISOB$j000|Coll|60|K$m45497 912 $aSOBE00024945 940 $aM 102 Monografia moderna SBN 941 $aW 957 $a000|Coll|60|K$b000007$i-2$gSI$d45497$rdono$1bethb$2UNISOB$3UNISOB$420120427104740.0$520120427104901.0$6bethb 996 $a2$91649098 997 $aUNISOB